000 00403nam a22001337a 4500
020 _a9 781642 243550
082 _aNR:338.43.01
_bSAB
100 _aSABU, Thomas etal
245 _aRubber plantations
260 _aDelaware, US
_bExcelic Press LLC
_c2020
300 _a270p.
650 _aRubber planation history
_aRubber plantations China
_aRubber chronosequence
_aRubber seeds CO2 footprint
942 _cBK
999 _c75046
_d75046